000 01065nam a22002657a 4500
005 20140221153456.0
008 080801s2006 ck a gr 00010dspa d
020 _a9588025745
041 _aspa
044 _ack
082 0 4 _a333.72
_bC718v3
110 2 _aDirección de Desarrollo Urbano y Política Ambiental.
_98863
245 1 0 _aVisión Colombia II Centenario :
_b2019 : construir ciudades amables : propuesta para discusión /
_cDirección de Desarrollo Urbano y Política Ambiental.
260 3 _aBogotá
_bDepartamento Nacional de Planeación
_c2006.
300 _a89 p. :
_bil. ;
_c28 cm.
504 _aIncluye referencias bibliográficas
650 _aUrbanismo
_x Aspectos sociales
_z Colombia.
_98864
650 6 _aUrbanización
_z Colombia.
_98865
650 6 _aVivienda
_z Colombia.
_98866
650 _aAbastecimiento de agua
_z Colombia.
_98867
650 _aTransporte urbano
_z Colombia.
_98868
650 6 _aPlanificación económica
_z Colombia
_y 2019.
_98869
651 6 _aColombia
_x Modelos económicos
_y 2019.
_98870
942 _2ddc
_cImpreso
999 _c8126
_d8126